000 01218nam a2200349 a 4500
001 000024434
003 DO-SdBPM
005 20260218095739.0
007 ta
008 110127s1978 xxu r 000 | spa d
020 _a9568114416
040 _aDO-SdBPM
_bspa
_cBPMSU
_drda
049 _a
082 4 _a300.72
_b M593c
_222
245 0 0 _aMagister en ciencias sociales :
_b Métodos cualitativos y cuantitativos /
_cCoordinador Miguel Ángel Arredondo J., Máximo González S., Alejandro Herrera B.
264 _a[sin lugar :
_bSociedad Educional La Araucana ,
_c[200-?]
300 _a362 páginas ;
_c22 cm.
336 _atexto
_btxt
_2rdacontent
337 _asin mediación
_bn
_2rdamedia
338 _avolumen
_bnc
_2rdacarrier
490 0 _aMagister en ciencias Sociales
590 _aInventariado, 2026/VM
650 7 _aInvestigación social
650 7 _aInvestigación cualitativa.
650 7 _aInvestigación cuantitativa.
650 7 _aInvestigación cuantitativa.
_xMetodología
700 1 _a Arredondo J., Miguel Ángel
_e coordinador
700 1 _a Gonzáles S., Máximo
700 1 _aHerrera B., Alejandro
_e
910 _aVMateo V. Control de calidad. BPMSU
942 _2ddc
_cBK
999 _c15712
_d15712